000 00323nam a22001337a 4500
008 170921b xxu||||| |||| 00| 0 eng d
020 _a9780028658001
041 _aeng
080 _a78
100 _a45
101 _aMUZ
245 _aBAKER BIOGRAPHICAL POPULAR MUSICIANS SINCE 1990
_cFREELAND.D
942 _2udc
_cBK
999 _c28687
_d28687